| 000 | 01214nam a2200277Ia 4500 | ||
|---|---|---|---|
| 003 | OSt | ||
| 005 | 20250522113513.0 | ||
| 008 | 191128s2016 ck a jr 000 f spa d | ||
| 020 | _a9789583049309 | ||
| 040 |
_aCO-JMCR _cCO-JMCR |
||
| 041 | _aspa | ||
| 082 | 0 | 4 |
_aJ-N _bLEIa |
| 100 | 1 |
_aLeistenschneider, Ulrike, _eautor _97553 |
|
| 245 | 1 | 3 |
_aEl amor es un rinoceronte, o : _bla más vergonzosa carta de amor del mundo / _cUlrike Leistenschneider, Isabelle Göntgen ; traducción, Luis Carlos Henao |
| 250 | _aPrimera edición | ||
| 260 |
_aBogotá : _bPanamericana, _c2016 |
||
| 300 |
_a250 páginas : _bilustraciones a color ; _c23 cm. |
||
| 500 | _aIncluye datos biográficos de los autores | ||
| 520 | _a¿Por qué todos hablan siempre de "mariposas en el estómago"? Lo que yo siento es como si un rinoceronte, o más bien una manada de rinocerontes, se desbocase por mi cuerpo. Su paso no es precisamente agradable -dejan un montón de escombros- y hacen que sea | ||
| 534 | _pLiebe ist ein Nashorn | ||
| 546 | _aTraducido del alemán | ||
| 650 | 1 | 4 |
_aNovela juvenil _97554 |
| 700 |
_aGöntgen, Isabelle, _eautora _97555 |
||
| 700 |
_aHenao, Luis Carlos, _etraductor _97556 |
||
| 942 |
_2ddc _cBK |
||
| 999 |
_c4503 _d4503 |
||